Writing and word processing for engineers and scientists : (Record no. 188529)

000 -LEADER
fixed length control field 01071 a2200217 4500
003 - CONTROL NUMBER IDENTIFIER
control field Nust
005 - DATE AND TIME OF LATEST TRANSACTION
control field 20230526103148.0
010 ## - LIBRARY OF CONGRESS CONTROL NUMBER
LC control number 84010016
020 ## - INTERNATIONAL STANDARD BOOK NUMBER
International Standard Book Number 0070397767 (pbk.) :
040 ## - CATALOGING SOURCE
Transcribing agency Nust
082 00 - DEWEY DECIMAL CLASSIFICATION NUMBER
Classification number 808.0666, MAL
100 1# - MAIN ENTRY--PERSONAL NAME
Personal name Mali, Paul.
9 (RLIN) 112674
245 10 - TITLE STATEMENT
Title Writing and word processing for engineers and scientists :
Remainder of title how to get your message across in today's high technology world /
Statement of responsibility, etc. Paul Mali and Richard W. Sykes.
260 ## - PUBLICATION, DISTRIBUTION, ETC.
Place of publication, distribution, etc. New York :
Name of publisher, distributor, etc. McGraw-Hill,
Date of publication, distribution, etc. c1985.
300 ## - PHYSICAL DESCRIPTION
Extent x, 165 p. :
Other physical details ill. ;
Dimensions 21 cm.
505 ## - FORMATTED CONTENTS NOTE
Formatted contents note Why You Must Write Cleary and Persuasively (Page-1), Use Your Computer as a World Processor (Page-8), Plan Your Writing (Page-16), Write and Rewrite for Clarity (Page-32), Check Your Writing for Readability Level (Page-40), Use Writing Persuaders (Page-53) Write for Busy Readers (Page-64), Technical Reports (Page-70), Technical Proposals (Page-112), Technical correspondence (Page-144).
650 #0 - SUBJECT ADDED ENTRY--TOPICAL TERM
Topical term or geographic name entry element Technical writing.
650 #0 - SUBJECT ADDED ENTRY--TOPICAL TERM
Topical term or geographic name entry element Word processors.
9 (RLIN) 112675
700 1# - ADDED ENTRY--PERSONAL NAME
Personal name Sykes, Richard W.
9 (RLIN) 112676
942 ## - ADDED ENTRY ELEMENTS (KOHA)
Source of classification or shelving scheme
Koha item type Book
Holdings
Withdrawn status Lost status Source of classification or shelving scheme Damaged status Not for loan Permanent Location Current Location Shelving location Date acquired Full call number Barcode Date last seen Price effective from Koha item type Public note
          Military College of Signals (MCS) Military College of Signals (MCS) Fiction 12/12/2016 808.0666,MAL MCS1929 12/08/2016 12/12/2016 Book Almirah No.56, Shelf No.2
© 2023 Central Library, National University of Sciences and Technology. All Rights Reserved.